000
00340nam a22001577a 4500
020
_a
818204-001-9
082
_a
641.05
_b
SHA
100
_a
SHARMA, D.D
245
_a
COLD KITCHEN
250
_a
1ST
260
_a
DELHI
_b
AMAN PUBLISHER
_c
2004
300
_a
169
650
_a
HOUSEKEEPING MANAGEMENT
653
_a
KITCHEN
942
_2
ddc
_c
BK
999
_c
8027
_d
8027